Wien Quiz - Statistiken

Allgemein
  • Dieses Quiz wurde 152 mal gespielt
  • Das Durchschnittsergebnis liegt bei 9 aus 14
Antwortstatistiken
Hinweis Antwort % Korrekt
Dom im 1.Bezirk Stephansdom
96%
Fluss, welcher durch Wien fließt Donau
95%
berühmter Freizeitpark Prater
95%
Schloss(neben Zoo) Schönbrunn
94%
großes Krankenhaus, mit zwei Gebäuden AKH
78%
Amtssitz des Bundespräsidenten Hofburg
78%
bevölkerungsreichster Bezirk Favoriten
69%
In Wien ist ein Hauptsitz der...... UN
67%
Bürgermeister Michael Ludwig
66%
Brücke, die 1976 zusammenstürtzte Reichsbrücke
49%
Autobahn in Richtung Osten(von Wien aus) A4
45%
von wo kommt das Wiener Wasser? Schneeberg
28%
Gründung Wiener Flughafen(für Passagierflugzeuge) 1954
20%
höchster Punkt Hermannskogel
20%
Keine übereinstimmenden Quizze gefunden
Verteilung der Resultate
Anzahl Personen mit jedem Resultat
Perzentil nach korrekt beantworteten Fragen
Ihre Resultats-Entwicklung
Sie haben dieses Quiz noch nicht gespielt